Dziennikarstwo i swiat mediów
Guardado en:
| Formato: | Libro |
|---|---|
| Lenguaje: | polaco |
| Publicado: |
Kraków
Universitas
2000
|
| Edición: | 2. wyd. zmien. i rozsz. |
| Colección: | Universitas-Auctorum Editorumque Societas
|
| Materias: | |
| Etiquetas: |
Sin Etiquetas, Sea el primero en etiquetar este registro!
|
MARC
| LEADER | 00000nam a2200000 4500 | ||
|---|---|---|---|
| 001 | c123607 | ||
| 005 | 20240725131138.2 | ||
| 020 | |a 83-7052-804-X | ||
| 041 | 0 | |a pol | |
| 044 | |a PL | ||
| 245 | 1 | 0 | |a Dziennikarstwo i swiat mediów |c pod redakcja Zbigniewa Bauera, Edwarda Chudzinskiego |
| 250 | |a 2. wyd. zmien. i rozsz. | ||
| 264 | 1 | |a Kraków |b Universitas |c 2000 | |
| 300 | |a 438 s. | ||
| 490 | 1 | |a Universitas-Auctorum Editorumque Societas | |
| 830 | 0 | |a Universitas-Auctorum Editorumque Societas | |
| 610 | 2 | 0 | |a žurnalistika |
| 610 | 2 | 0 | |a médiá |
| 610 | 2 | 0 | |a komunikácia |
| 610 | 2 | 0 | |a história |
| 610 | 2 | 0 | |a rozhlas |
| 610 | 2 | 0 | |a televízia |
| 610 | 2 | 0 | |a tlač |
| 610 | 2 | 0 | |a kódexy etické |
| 610 | 2 | 0 | |a Poľsko |